Gala 0 OT2025 - Estadísticas

Estadísticas generales
  • Esta prueba ha sido intentada 65 veces
  • La puntuación promedio es 10 de 18
Estadísticas de respuestas
Imagen Hint Respuesta % Correcto
Judit California Dreamin'
84%
Lucía Casani Maldita Primavera
84%
Laura Muñoz Desátame
78%
Crespo El Merengue
78%
María Cruz Euphoria
75%
Quique Inevitable
75%
Carlos Volar
75%
Olivia Break Free
59%
Claudia Arenas Oscar Winning Tears
59%
Guillo Rist Shut Up And Dance
56%
Guille Toledano Cuánto Me Duele
44%
Cristina My Baby Just Cares For Me
41%
Iván Rojo No Volveré
41%
Téyou Volver
38%
Sam Teenage Dream
34%
Salma de Diego Bleeding Love
28%
Tinho Hold The Line
28%
Max Careless Whisper
16%
No se encontraron pruebas coincidentes
Distribución de puntuación
Porcentaje de gente con cada puntuación
Porcentaje por número respondido
Historial de tus puntuaciones
No has intentado esta prueba.